00913nam a2200241 a 450000100100000000500170001000800410002702000150006804000250008308200150010810000380012324500770016126000310023830000210026950000530029050000730034365000340041665000220045070000300047291000360050295201180053899900150065600000372620240510073816.0090713s1997 mx 001 0 spa d a9706511121 aDO-SdBNPbspacBNPHU a121bH587t1 aHessen, Johannesd1889-19719460110aTeoría del conocimiento /cJohannes Hessen ; traducción José Gaos. aMéxico :bLozada,c1997. a169 p. ;c18 cm. aLa biblioteca posee la 5ª reimpresión de 1997 aIncluye referencias bibliográficas y notas al pie de las páginas 4aTeoría del conocimiento913 0aFilosofía 981312aGaos, José,etr.911342 aValidado. Control de calidad MF 001054708MOaGRbGRcHDd2009-07-13iLF1l0o121 H587tp3726-10r2020-06-25w2020-06-25y4ZPréstamo en sala c3548d3548